000
00244 a2200097 4500
001
30775
100
_a
Harding
245
_a
Social Psychology and Individual Value
260
_a
London
_b
Hutchinson's University Library
_c
090
_c
20707
_d
20707
942
_a
NUST-CAE
_c
_c
11900
999
_c
265848
_d
265848